Science Quiz

Random Science or Math Quiz

Easy Math Quiz Stats

 Plays Quiz Updated Mar 17, 2020

Support Sporcle.
Go Orange.
Score 0/50 Timer 03:00
18 Plays Today
Question Answer % Correct
10 * 5 50
81.4%
17 - 9 8
81.2%
18 + 6 24
81%
6 + 2 + 9 17
80.8%
8 + 4 12
80.7%
10 + 1 11
80.6%
24 / 4 6
80.4%
2 * 8 16
80.3%
55 / 11 5
80.3%
59 + 5 64
80.3%
50 - 4 46
80.2%
7 birds are on a fence. 3 fly away. How many are left? 4
80%
50 / 5 10
79.9%
29 - 20 9
79.9%
40 + 51 91
79.7%
8 + 5 13
79.7%
36 / 9 4
79.5%
0 + 6 6
79.4%
17 + 32 49
79.2%
4 * 3 12
79.2%
13 * 3 39
79.2%
7 + 13 20
79%
five + two 7
79%
0 * 0 0
78.8%
9 - 0 9
78.8%
Question Answer % Correct
1 * 7 7
78.6%
8 / 4 2
78.6%
5 * 0 0
78.5%
16 / 2 8
78.2%
four times five 20
78.1%
8 * 2 16
77.8%
38 / 2 19
77.8%
5 - 2 3
77.4%
8 * 5 40
76.3%
46 * 2 92
76.1%
5 * 3 15
76.1%
12 * 12 144
75.5%
3 * 7 * 2 * 0 * 18 0
75.4%
1/2 * 86 43
75.4%
8 + 46 54
75.2%
seventy minus twenty-nine 41
75%
Multiply 8 by 7 56
74.9%
15 + 28 43
74.8%
7 * 9 63
74%
90 / 6 15
73.8%
84 - 56 28
73.2%
What is the perimeter, in inches, of a square with 8 inch sides? 32
72.6%
28 * 3 84
72.3%
Mike bought 60 apples, lost 43, then found 18. How many apples does he have? 35
71.6%
64 turtles. A quarter of them swim away. How many are left? 48
64%

From the Vault

More Secret Identities

by Derek

The most important thing in life is to be yourself. Unless you suck, in which case developing a secret identity might be your best bet.
Remove Ads.
Support Sporcle.
Get the best of Sporcle when you Go Orange. This ad-free experience offers more features, more stats, and more fun while also helping to support Sporcle. Thank you for becoming a member.

Show Comments

Extras

Top Quizzes Today


Score Distribution

Your Account Isn't Verified!

In order to create a playlist on Sporcle, you need to verify the email address you used during registration. Go to your Sporcle Settings to finish the process.

Report this User

Report this user for behavior that violates our Community Guidelines.

Details: